000 00657nam a2200229 a 4500
001 BRCA_6976
005 20190320205650.0
008 221111s1949----gw-a######---#000-0#ger-#
041 _ager
044 _agw
050 4 _aND1954
_b.D8 B75 1949
245 1 0 _aLandschaftsaquarelle
_cAlbrecht Durer ; hrgs. und eingeleiter von A. E. Brinckmann
250 _a4
260 _aBaden-Baden, Alemania
_bW. Klein
_cc1949
300 _a12 p.
_bil., 10 láminas a color
_c?? cm.
500 _aO209
650 1 4 _aAcuarelas alemanas
_917372
650 1 4 _aPintores alemanes
_9797
700 1 _aBrickman, Albert Erich,
_eed.
_917373
902 _aGFM
942 _2lcc
_cB
999 _c6657
_d6657